000 00327nam a2200133Ia 4500
008 220216s9999 xx 000 0 und d
245 0 _aRubber growing - the modern way
260 _bRubber Developments
_c1984
300 _a77-82
650 _aHevea brasiliensis
650 _aTissue culture
650 _aYield
942 _cJS
999 _c67631
_d67631